000 00471nam a2200193Ia 4500
005 20240823031329.0
008 240823s9999||||xx |||||||||||||| ||und||
020 _a81-317-1703-8
041 _aENGLISH
082 _A004.69 P9
100 _aAlan Dix
245 0 _aHuman - computer Interaction
250 _a3rd
260 _c2009
_b"Pearson Education, New "
500 _aYES
650 _aComputer Interaction
_bComputer Science
942 _cBK
999 _c190813
_d190813